1146 1920 1528 1696 1702 1290 1162 1297 1138 1544 1373 1460 1943 1326 1273 1771 1884 1355 1910 1233 1496 1612 1341 1085 1638 1071 1491 1463 1965 1473 1758 1658 1934 1052 1063 1454 1808 1217 1975 1629 1933 1623 1231 1857 1876 1434 1573 1274 1104 1350 1611 1727 1869 1568 1248 1456 1897 1605 1165 1324 1792 1674 1850 1872 1274 1121 1025 1304 1793 1738 1068 1221 1272 1093 1287 1479 1175 1444 1100 1979 1537 1260 1948 1457 1436 1781 1388 1471 1828 1098 1983 1194 1730 1183 1953 1205 1260 1052 1028 BCNSPRNW ULIB Ver.6.0+V

เปลี่ยนเป็นภาษาไทย

Change to English
 แสดงรายละเอียดบรรณานุกรม
  กลับหน้าหลัก

Brief Record : Get Marc (ISO 2709) : E-mail record : QR code < ปิดหน้าต่าง
LEADER : 00000nam 2200000uu 4500
001    13399120662
003     ULIB
008    121002s2550||||th 000 0 tha d
020    ^a9789741105687
050 04 ^aBQ5630^bส266ก
100 0  ^aสมพร กันทรดุษฎี-เตรียมชัยศรี
245 10 ^aการปฏิบัติสมาธิเพื่อการเยียวยาสุขภาพ /^cสมพร กันทรดุษฎี-เตรียมชัยศรี
250    ^aพิมพ์ครั้งที่ 4
260    ^aกรุงเทพฯ :^bภาควิชาการพยาบาลสาธารณสุข คณะสาธารณสุขศาสตร์มหาวิทยาลัยมหิดล,^c2550
300    ^a78 หน้า :^bภาพประกอบ ;^c21 ซม.
440  0 ^aชุดตำราการดูแลสุขภาพทางเลือกและการเยียวยาผสมผสานทางการพยาบาลและการพยาบาลสาธารณสุข
536    ^aสนับสนุนโดย สำนักการแพทย์ทางเลือกกรมพัฒนาการแพทย์แผนไทยและการแพทย์ทางเลือก กระทรวงสาธารณสุข
650  7 ^aการแพทย์ทางเลือก
650  7 ^aสมาธิ^xแง่การแพทย์
710 2  ^aมหาวิทยาลัยมหิดล. ^bคณะสาธารณสุขศาสตร์.^bภาควิชาการพยาบาลสาธารณสุข
710 2  ^aกรมพัฒนาการแพทย์แผนไทยและการแพทย์ทางเลือก.^bสำนักการแพทย์ทางเลือก
945    ^p90^l0^i14481
995    ^aวิภา
999 ^a ใช้งานได้ทุกระบบ
รายการนี้ยังไม่มีแท็ก
คุณยังไม่ได้ล็อกอิน คุณสามารถมีกิจกรรมร่วมกับเว็บไซต์ได้ แต่ต้องล็อกอินก่อน ::
  ล็อกอิน

รายการสื่อสารสนเทศ

ลำดับที่ ประเภท เลขเรียก/บาร์โค้ด สถานที่ สถานะ
1. วิทยาศาสตร์การแพทย์ และสุขภาพ
วิทยาศาสตร์การแพทย์ และสุขภาพ
BQ5630 ส266ก  
  Barcode: 14481
ห้องสมุดวิทยาเขตสวรรค์ประชารักษ์
►หนังสือทั่วไป
บนชั้น

รายการใกล้เคียง
    ผู้แต่ง [สมพร กันทรดุษฎี-เตรียมชัยศรี]

    หัวเรื่อง [การแพทย์ทางเลือก]

BibComment


ยังไม่เคยถูกคอมเมนท์

คอมเมนท์ทรัพยากรรายการนี้
  คอมเมนท์: การปฏิบัติสมาธิเ..


 Copyright 2026. Bcnsprnw @Library